[Event "CN Seniori 2011"]
[Site "Sarata Monteoru"]
[Date "2011.02.16"]
[Round "6.59"]
[White "Baciu, Alexandru"]
[Black "Patrascu, Catalin  Lucian"]
[Result "1-0"]
[WhiteElo "1566"]
[BlackElo "1821"]
[PlyCount "133"]
[EventDate "2011.02.12"]

1. d4 Nf6 2. c4 e6 3. a3 Be7 4. Nf3 O-O 5. Nc3 d6 6. g3 b6 7. Bg2 Bb7 8. O-O
Nbd7 9. Qc2 Rb8 10. Re1 c5 11. dxc5 Nxc5 12. b3 Nce4 13. Bb2 Nxc3 14. Qxc3 Qc7
15. Ng5 Bxg2 16. Kxg2 h6 17. Nf3 d5 18. cxd5 Qxc3 19. Bxc3 Nxd5 20. Bb2 Bf6 21.
Bxf6 Nxf6 22. Rac1 Rbc8 23. Red1 Rfd8 24. Rxd8+ Rxd8 25. Rc7 Rd7 26. Rc8+ Kh7
27. Ne5 Rb7 28. Rf8 Nd5 29. Rxf7 Rxf7 30. Nxf7 Nc3 31. e3 Nb1 32. a4 a5 33. Nd8
Nd2 34. Nxe6 Nxb3 35. Nf8+ Kg8 36. Nd7 b5 37. axb5 a4 38. b6 Na5 39. Nc5 a3 40.
Nb3 Nxb3 41. b7 a2 42. b8=Q+ Kh7 43. Qxb3 a1=Q 44. Qd3+ Kh8 45. Qd8+ Kh7 46.
Qd3+ Kh8 47. e4 Qa8 48. Qd5 Qf8 49. e5 Qf5 50. Qd4 Kg8 51. Qc4+ Kh8 52. e6 Qf6
53. Qd5 Qg6 54. e7 Kh7 55. Qf3 Qe6 56. Qd3+ g6 57. Qe3 Qc6+ 58. Kg1 Qe8 59. Qe6
Kg7 60. h3 h5 61. g4 hxg4 62. hxg4 Kh7 63. g5 Kg7 64. Qf6+ Kg8 65. f3 Kh7 66.
Qf8 Qc6 67. Qf7+ 1-0

[Event "CN Seniori 2011"]
[Site "Sarata Monteoru"]
[Date "2011.02.17"]
[Round "8.54"]
[White "Moldoveanu, Paul"]
[Black "Patrascu, Catalin  Lucian"]
[Result "1-0"]
[WhiteElo "1924"]
[BlackElo "1821"]
[PlyCount "29"]
[EventDate "2011.02.12"]

1. e4 c5 2. Nf3 g6 3. Bc4 Nc6 4. O-O Bg7 5. Re1 Nf6 6. e5 Ng4 7. Bxf7+ Kxf7 8.
Ng5+ Ke8 9. Qxg4 Nxe5 10. Qd1 d6 11. d3 Bd7 12. Nc3 h6 13. Nge4 Rf8 14. f4 Ng4
15. Nxd6# 1-0

[Event "CN Seniori 2011"]
[Site "Sarata Monteoru"]
[Date "2011.02.19"]
[Round "10.55"]
[White "Zamora, Aurel"]
[Black "Patrascu, Catalin  Lucian"]
[Result "0-1"]
[WhiteElo "1674"]
[BlackElo "1821"]
[PlyCount "96"]
[EventDate "2011.02.12"]

1. e4 c5 2. Nf3 g6 3. d4 cxd4 4. Nxd4 Nc6 5. Nxc6 bxc6 6. Nc3 Bg7 7. Qd3 Nf6 8.
g3 O-O 9. Bg2 Qb6 10. O-O Ba6 11. Qd1 Bxf1 12. Qxf1 Ng4 13. Nd1 Rab8 14. a4 Qc7
15. Ra3 Rfd8 16. h3 Nf6 17. a5 Rb5 18. a6 Ra5 19. Bf4 d6 20. Rd3 e5 21. Bg5
Rxa6 22. Rf3 Ra1 23. Bxf6 Bxf6 24. Rxf6 Qb6 25. Qe2 Rc1 26. Kh2 Qb8 27. Ne3
Qxb2 $11 28. Qc4 Qb7 29. Ng4 Kg7 30. Qd3 h5 31. Rxd6 Rxd6 32. Qxd6 hxg4 33.
Qxe5+ Kg8 34. hxg4 Rxc2 35. Qd4 Qb6 36. Qf6 Rxf2 37. Qe5 Qb2 38. Qxb2 Rxb2 39.
Kg1 a5 40. e5 a4 41. Bxc6 a3 42. Bd5 a2 43. Bxa2 Rxa2 44. Kf1 Ra5 45. Kf2 Rxe5
46. Kf3 Kg7 47. Kf4 Kf6 48. Kf3 Kg5 0-1

[Event "CN Seniori 2011"]
[Site "Sarata Monteoru"]
[Date "2011.02.20"]
[Round "11.43"]
[White "Patrascu, Catalin  Lucian"]
[Black "Radulescu, Gabriel"]
[Result "0-1"]
[WhiteElo "1821"]
[BlackElo "1933"]
[PlyCount "68"]
[EventDate "2011.02.12"]

1. e4 c6 2. d4 d5 3. e5 Bf5 4. Nc3 e6 5. g4 Bg6 6. Nge2 c5 7. h4 Nc6 8. h5 Be4
9. Nxe4 dxe4 10. c3 cxd4 11. cxd4 Bb4+ 12. Bd2 Qa5 13. Bc3 O-O-O 14. Qd2 Nxe5
15. Rc1 Kb8 16. Qf4 f6 17. dxe5 fxe5 18. Qxe4 Bxc3+ 19. Nxc3 Nf6 20. Qe2 Rd4
21. f3 Rhd8 22. Qc2 e4 23. fxe4 Nxe4 24. Be2 Qe5 25. Nxe4 Rxe4 26. Rg1 Red4 27.
Qc3 Qd6 28. Qg3 e5 29. Qc3 a6 30. Qc5 Qf6 31. g5 Qf4 32. Rd1 Qh4+ 33. Kf1 Rf4+
34. Kg2 Qxg5+ 0-1

[Event "CN Juniori 2011 - B12"]
[Site "Caciulata"]
[Date "2011.04.12"]
[Round "2.6"]
[White "Hincu, Andrei"]
[Black "Patrascu, Catalin  Lucian"]
[Result "1/2-1/2"]
[WhiteElo "1516"]
[BlackElo "1781"]
[PlyCount "88"]
[EventDate "2011.??.??"]

1. e4 c5 2. Nf3 g6 3. d4 cxd4 4. Qxd4 Nf6 5. e5 Nc6 6. Qc3 Ne4 7. Qe3 d5 8.
exd6 Nxd6 9. Nc3 Bg7 10. Bd2 O-O 11. Bd3 Nb4 12. O-O Nxd3 13. cxd3 Bd7 14. Qe2
Nf5 15. Rfe1 Bc6 16. Be3 Re8 17. Rad1 Qc7 18. d4 Rad8 19. d5 Bxc3 20. bxc3 Bxd5
21. Bd4 Bxf3 22. Qxf3 Nxd4 23. cxd4 Qc6 24. Qa3 e5 25. dxe5 Rxd1 26. Rxd1 Rxe5
27. Qxa7 Re8 28. h3 Qa6 29. Qxa6 bxa6 30. Rd6 Re6 31. Rd8+ Kg7 32. Ra8 Kf6 33.
Ra7 h5 34. Kh2 h4 35. g3 g5 36. Kg2 hxg3 37. Kxg3 Kg6 38. Ra8 Kf5 39. Ra7 f6
40. f3 Rd6 41. a3 Kg6 42. Ra8 Kf5 43. a4 Ke5 44. Re8+ Re6 1/2-1/2

[Event "CN Juniori 2011 - B12"]
[Site "Caciulata"]
[Date "2011.04.14"]
[Round "5.2"]
[White "Patrascu, Catalin  Lucian"]
[Black "Dolana, Andrei Theodor"]
[Result "0-1"]
[WhiteElo "1781"]
[BlackElo "2022"]
[PlyCount "97"]
[EventDate "2011.??.??"]

1. e4 e5 2. Nf3 Nc6 3. Bb5 a6 4. Ba4 Nf6 5. O-O Be7 6. Re1 b5 7. Bb3 d6 8. c3
O-O 9. h3 Na5 10. Bc2 c5 11. d4 Qc7 12. Bg5 h6 13. Bh4 cxd4 14. cxd4 Nc6 15. d5
Nb4 16. Bb3 a5 17. a4 bxa4 18. Bxa4 Ba6 19. Re3 Rfc8 20. Rc3 Qb6 21. Bc2 Rc7
22. Rxc7 Qxc7 23. Nc3 Rb8 24. Bg3 Nd7 25. Rb1 Nc5 26. Ne1 Bc4 27. f3 Qc8 28.
Bf2 Bd8 29. Kh1 Bb6 30. Bxc5 Qxc5 31. Nd3 Qe3 32. Nxb4 axb4 33. Na4 b3 34. Nxb6
Rxb6 35. Rc1 bxc2 36. Qxc2 Ba6 37. Ra1 Qc5 38. Qa4 Qb5 39. Qc2 Qc4 40. Qf2 Qd4
41. Qh4 Qxb2 42. Qd8+ Kh7 43. Rd1 Be2 44. Re1 Bxf3 45. Rg1 Bxe4 46. Qd7 Bg6 47.
Qa4 Qd4 48. Qa2 Rb5 49. Qc2 0-1

[Event "CN Juniori 2011 - B12"]
[Site "Caciulata"]
[Date "2011.04.14"]
[Round "6.9"]
[White "Olinici, Emanuel"]
[Black "Patrascu, Catalin  Lucian"]
[Result "0-1"]
[WhiteElo "1660"]
[BlackElo "1781"]
[PlyCount "64"]
[EventDate "2011.??.??"]

1. d4 Nf6 2. Nf3 e6 3. g3 b6 4. Bg2 Bb7 5. O-O Be7 6. c4 O-O 7. Nc3 d6 8. d5
exd5 9. cxd5 Nbd7 10. Nd4 Nc5 11. b4 Ncd7 12. e4 Re8 13. f4 Bf8 14. a4 a5 15.
Nc6 Qc8 16. b5 g6 17. e5 dxe5 18. fxe5 Nh5 19. Bh3 Ng7 20. Bf4 Nf5 21. Re1 Bxc6
22. bxc6 Nc5 23. Nb5 Na6 24. Bg2 Qd8 25. Qb3 Bc5+ 26. Kh1 Nd4 27. Nxd4 Bxd4 28.
Rad1 Bc5 29. d6 cxd6 30. exd6 Rxe1+ 31. Rxe1 Bb4 32. Re7 Bxd6 0-1

[Event "CN Juniori 2011 - B12"]
[Site "Caciulata"]
[Date "2011.04.16"]
[Round "8.10"]
[White "Rameder, Carol-Sebastian"]
[Black "Patrascu, Catalin  Lucian"]
[Result "1/2-1/2"]
[WhiteElo "1625"]
[BlackElo "1781"]
[PlyCount "105"]
[EventDate "2011.??.??"]

1. d4 Nf6 2. g3 d6 3. Nf3 g6 4. Bg2 Bg7 5. c4 O-O 6. O-O c6 7. Nc3 Na6 8. a3
Nc7 9. e4 Re8 10. Bd2 Bd7 11. b4 e5 12. d5 cxd5 13. cxd5 Nb5 14. Nxb5 Bxb5 15.
Re1 Rc8 16. Rc1 Rxc1 17. Qxc1 Qd7 18. Nh4 Rc8 19. Qb1 Rc4 20. Bf1 Rc7 21. f3
Bxf1 22. Rxf1 Rc4 23. Rc1 Qc7 24. Ng2 Rxc1+ 25. Qxc1 Qxc1+ 26. Bxc1 Nd7 27. Be3
a6 28. Ne1 Bf6 29. Kf1 Bd8 30. Ke2 b5 31. Nd3 Nb6 32. Nb2 Kf8 33. Kd3 Ke7 34.
f4 f6 35. fxe5 fxe5 36. h3 Kd7 37. g4 Kc7 38. g5 Kb7 39. h4 Na8 40. Nd1 Nb6 41.
Nb2 Na8 42. Ke2 Nc7 43. Kf2 Ne8 44. Kg3 Be7 45. Nd3 Bd8 46. Bf2 Be7 47. h5 Kc8
48. hxg6 hxg6 49. Be3 Kd7 50. Ne1 Bd8 51. Nf3 Ke7 52. Kh4 Kf7 53. Kg4 1/2-1/2

[Event "CN Juniori 2011 - B12"]
[Site "Caciulata"]
[Date "2011.04.17"]
[Round "9.7"]
[White "Patrascu, Catalin  Lucian"]
[Black "Comsa, Ciprian Mihai"]
[Result "0-1"]
[WhiteElo "1781"]
[BlackElo "1533"]
[PlyCount "114"]
[EventDate "2011.??.??"]

1. e4 e5 2. Nf3 Nc6 3. Bb5 d6 4. d4 exd4 5. Nxd4 Bd7 6. Bxc6 Bxc6 7. Nxc6 bxc6
8. O-O Nf6 9. Nc3 Be7 10. Be3 O-O 11. Re1 Re8 12. Qd2 Bf8 13. f3 g6 14. Rad1
Bg7 15. Bf2 Qb8 16. Bd4 c5 17. Bxf6 Bxf6 18. Rb1 Bd4+ 19. Kh1 Qb4 20. Qd3 Rab8
21. Nd5 Qb7 22. c3 Bg7 23. Qe2 f5 24. Qc4 Kh8 25. exf5 gxf5 26. Rxe8+ Rxe8 27.
h3 Re5 28. Nf4 Qc8 29. Nd3 Re7 30. Qh4 Qe8 31. Re1 Rxe1+ 32. Qxe1 Qxe1+ 33.
Nxe1 Kg8 34. Nc2 f4 35. Kg1 Kf7 36. Kf2 Ke6 37. g3 Be5 38. gxf4 Bxf4 39. Ne3
Bxe3+ 40. Kxe3 Ke5 41. f4+ Kf5 42. c4 c6 43. a3 d5 44. b3 d4+ 45. Kf3 a5 46. a4
h6 47. h4 h5 48. Ke2 Kxf4 49. Kd3 Kg4 50. b4 cxb4 51. Kxd4 Kxh4 52. Kc5 b3 53.
Kxc6 b2 54. c5 b1=Q 55. Kd7 Qd1+ 56. Kc7 Qxa4 57. c6 Qxc6+ 0-1